| 000 | 00760cam a2200277 4500 | ||
|---|---|---|---|
| 001 | 46158 | ||
| 010 | _a9728162308 | ||
| 021 | _b151734/00 | ||
| 090 | _a46158 | ||
| 100 | _a20010607d2000 m y0pory5003 ba | ||
| 101 | 1 | _apor | |
| 102 | _aPT | ||
| 200 | 1 |
_aConhecer os alimentos _fadap. e rev. Sílvia Machado _gtrad. Rosário Correia _gadapt. Paula Silva |
|
| 205 | _a2.ª ed. | ||
| 210 | 9 |
_aLisboa _cEDIDECO, _d2000 |
|
| 215 |
_a207 p. a 2 colns. _cil. _d24 cm |
||
| 225 | 2 | _aGuias práticos | |
| 606 |
_aSaúde _xImportância dos alimentos |
||
| 675 |
_a613.2 _vBN _zpor |
||
| 675 | _a641 | ||
| 675 |
_a612.39 _vBN _zpor |
||
| 702 | 1 |
_aSilva, _bPaula _4675 |
|
| 702 | 1 |
_aMachado, _bSílvia _4640 |
|
| 702 | 1 |
_aCorreia, _bRosário _4730 |
|
| 801 |
_aPT _gRPC |
||
| 990 | _cLIVROS | ||